000 00274nam a2200085Ia 4500
008 220120s9999||||xx |||||||||||||| ||und||
100 _aShwetha, M. D and Swathi, B. P
_912203
245 0 _aOnline student tracking system
260 _aCoorg Institute of Technology
_bPonnampet
_c2009
999 _c137789
_d137789